Recep Tayyip Erdoğan (Record no. 3186)

MARC details
000 -BAŞLIK
Sabit Uzunlukta Kontrol Alanı 00939na a2200277 4500
001 - KONTROL NUMARASI
Denetim Alanı 23237
003 - KONTROL NUMARASI IDENTIFIER
Denetim Alanı MIRAKIL
005 - SON İŞLEM TARİHİ VE ZAMANI
Denetim Alanı 20181213154923.0
008 - SABİT-BOY VERİ ELEMANLARI - GENEL BİLGİLER
Sabit Uzunlukta Kontrol Alanı 181105b tu 000 0
020 ## - ULUSLARARASI STANDART KİTAP NUMARASI
Uluslararası Standart Kitap Numarası 9789752935563
040 ## - KATALOGLAMA KAYNAK
Orijinal Kataloglama Ajansı Milas
Kataloglama Dili tur
Metne Dönüştürmek Ajansı TR-AnCHP
041 ## - DİL KODU
Metin / Ses Parça Veya Ayrı Başlığın Dil Kodu tur
082 ## - DEWEY ONLU SINIFLANDIRMA NUMARASI
Sınıflandırma Numarası 923.2 Erdoğan,R.T.
Ürün Numarası K26r 2007
090 ## - SINIFLAMA NUMARASI
Sınıflama Numarası 923.2 Erdoğan,R.T. K26r 2007
100 ## - ANA GİRİŞ - KİŞİSEL İSİM
Kişisel Ad Kaplan, Sefa
245 ## - BAŞLIK TABLOSU
Başlık Recep Tayyip Erdoğan
Başlığın Kalan Geleceği etkileyecek siyasi liderler
Sorumluluk Tablosu, Vb Sefa Kaplan
246 ## - UNVAN FORM VARYING
Başlık Doğru / Kısa Başlığı Geleceği etkileyecek siyasi liderler
260 ## - YAYIN, DAĞITIM, VB
Yayın, Dağıtım, Vb Yeri İstanbul
Yayıncı, Dağıtıcı, Vs Adı Doğan Kitap
Yayın, Dağıtım, Vb Tarihi 2007
300 ## - FİZİKSEL TANIM
Kapsam 142 s.
Boyutlar 23 sm.
600 ## - KONU KATMA GİRİŞ - KURUMSAL ADI
Kişisel Ad Erdoğan, Recep Tayyip
Başlıklar Ve Bir Adla İlişkili Diğer Kelimeler AKP Genel Başkanı
Bir Adıyla İlişkilendirilen Tarihler 1954-
Genel Alt Bölümü Yaşamöyküsü
600 ## - KONU KATMA GİRİŞ - KURUMSAL ADI
Kişisel Ad Erdoğan, Recep Tayyip
Başlıklar Ve Bir Adla İlişkili Diğer Kelimeler Cumhurbaşkanı
Bir Adıyla İlişkilendirilen Tarihler 1954-
Genel Alt Bölümü Yaşamöyküsü
650 ## - KONU KATMA GİRİŞ - TOPİKAL DÖNEM
Topikal Süreli Veya Coğrafi Ad Giriş Elemanı Siyaset ve yönetim
Genel Alt Bölümü Türkiye
650 ## - KONU KATMA GİRİŞ - TOPİKAL DÖNEM
Topikal Süreli Veya Coğrafi Ad Giriş Elemanı Siyasetçiler
Genel Alt Bölümü Yaşamöyküsü
740 ## - KATMA GİRİŞ - KONTROLSUZ İLGİLİ / ANALİTİK BAŞLIK
Kontrol Edilmeyen / İlgili Analitik Başlıktaki Geleceği etkileyecek siyasi liderler
942 ## - EKLENDİ GİRİŞ ELEMANLARI (KOHA)
Sınıflandırma Veya Raf Düzeni Kaynak Dewey Decimal Classification
Koha Öğesi Türü Books
999 ## - SİSTEM KONTROL NUMARALARI (KOHA)
Koha Biblionumber 3186
Koha Biblioitemnumber 3186
Holdings
Kalıcı Konum Mevcut Konum Edinme Tarihi Edinim Kaynak Toplam Check-Out'Lar Tam Çağrı Numarası Barkod Tarih Son Görülme İtibaren Geçerli Fiyatlar Koha Öğesi Türü
CHP Kütüphanesi CHP Kütüphanesi 08/17/2017 Bağış   923.2 Erdoğan,R.T. K26r 2007 017222 08/17/2017 08/17/2017 Books